000
00320 a2200145 4500
001
184439
020
_a
84-294-3421-6
040
_c
Magnum
100
_a
Bécquer, Gustavo Adolfo
240
1
0
_a
La cruz del diablo
_l
por
245
1
0
_a
La cruz del diablo
300
_a
39
697
_a
LITERATURA ESPANHOLA
942
_c
BK
999
_c
184439
_d
184439